01311nam a2200241Ia 4500001001100000003001000011008004100021040002500062041001300087100003000100245002200130250001100152260008900163300002700252500021800279501011400497520021800611650002300829942000700852957000600859999004200865952016200907L248-15561IT-CnALBA170116s9999||||xx |||||||||||||| ||und|| aIT-CnALBAcIT-CnALBA aITALIANO aLOMBARDI P. RICCARDO, SJ. 0aRIFARE IL MONDO.  a1a ed. a ROCCA DI PAPAbMONDO MIGLIORE EDIZ. c1959 [1° Ed.:1959 - Ed.Ling.Originale: 1959] a336 p. (prefazione: 9) aLETTERA AUTOGRAFA DI PIO XII ALL'AUTORE. DIO E L'UMANITÀ. PAGINE DI STORIA. MONDO MIGLIORE. VESCOVI. PRETI. GIOVANI. RELIGIOSE. CENTRI SEGRETERIE. OPERA DI MARIA. TESTAMENTO DEL PADRE. GIOVANNI XXIII. CONCILIO.  aSocietà San Paolo EM - Piazza San Paolo, 14 - 12051 ALBA (CN) (non commercial uses only) ® Copyright 2017 aLETTERA AUTOGRAFA DI PIO XII ALL'AUTORE. DIO E L'UMANITÀ. PAGINE DI STORIA. MONDO MIGLIORE. VESCOVI. PRETI. GIOVANI. RELIGIOSE. CENTRI SEGRETERIE. OPERA DI MARIA. TESTAMENTO DEL PADRE. GIOVANNI XXIII. CONCILIO.  aASCETICA E MISTICA cBK 71 a20311bNOg Copie: 1 c274730d274730 0010406L_2481556171aALBAbALBAd2017-01-16l0oL248-15561r2017-01-16 00:00:00w2017-01-16yBKz(data import: 16 gennaio 2017) - By Epidotti, Vaglietti.